<?xml version="1.0" encoding="UTF-8"?><marc:collection xmlns:marc="http://www.loc.gov/MARC21/slim">
  <marc:record>
    <marc:leader>02870nam#a2200733#ib4500</marc:leader>
    <marc:controlfield tag="001">almatuudk_BV004210830</marc:controlfield>
    <marc:controlfield tag="005">20250123055836.0</marc:controlfield>
    <marc:controlfield tag="007">tu</marc:controlfield>
    <marc:controlfield tag="008">901203|1991####gw######rm####|||#u#ger#u</marc:controlfield>
    <marc:controlfield tag="003">DE-602</marc:controlfield>
    <marc:datafield tag="016" ind1="7" ind2=" ">
      <marc:subfield code="a">23142980</marc:subfield>
      <marc:subfield code="2">OCoLC</marc:subfield>
    </marc:datafield>
    <marc:datafield tag="020" ind1=" " ind2=" ">
      <marc:subfield code="a">3-631-43191-0</marc:subfield>
    </marc:datafield>
    <marc:datafield tag="035" ind1=" " ind2=" ">
      <marc:subfield code="a">BV004210830</marc:subfield>
    </marc:datafield>
    <marc:datafield tag="035" ind1=" " ind2=" ">
      <marc:subfield code="a">(DE-599)BVBBV004210830</marc:subfield>
    </marc:datafield>
    <marc:datafield tag="035" ind1=" " ind2=" ">
      <marc:subfield code="a">(DE-604)BV004210830</marc:subfield>
    </marc:datafield>
    <marc:datafield tag="040" ind1=" " ind2=" ">
      <marc:subfield code="c">DE-604</marc:subfield>
      <marc:subfield code="e">rakddb</marc:subfield>
      <marc:subfield code="a">384-----</marc:subfield>
      <marc:subfield code="d">DE-703</marc:subfield>
    </marc:datafield>
    <marc:datafield tag="041" ind1=" " ind2="7">
      <marc:subfield code="a">ger</marc:subfield>
      <marc:subfield code="2">ISO 639-2</marc:subfield>
    </marc:datafield>
    <marc:datafield tag="044" ind1=" " ind2=" ">
      <marc:subfield code="a">gw</marc:subfield>
      <marc:subfield code="c">DE</marc:subfield>
    </marc:datafield>
    <marc:datafield tag="050" ind1=" " ind2="4">
      <marc:subfield code="a">HG5774.5</marc:subfield>
    </marc:datafield>
    <marc:datafield tag="082" ind1="0" ind2="4">
      <marc:subfield code="a">332.66/0952</marc:subfield>
      <marc:subfield code="2">20</marc:subfield>
    </marc:datafield>
    <marc:datafield tag="084" ind1=" " ind2=" ">
      <marc:subfield code="a">BSE</marc:subfield>
      <marc:subfield code="2">zT_WIWI</marc:subfield>
    </marc:datafield>
    <marc:datafield tag="084" ind1=" " ind2=" ">
      <marc:subfield code="a">VZU</marc:subfield>
      <marc:subfield code="2">zT_WIWI</marc:subfield>
    </marc:datafield>
    <marc:datafield tag="084" ind1=" " ind2=" ">
      <marc:subfield code="a">QG 870</marc:subfield>
      <marc:subfield code="0">(DE-625)141525:</marc:subfield>
      <marc:subfield code="2">rvk</marc:subfield>
    </marc:datafield>
    <marc:datafield tag="084" ind1=" " ind2=" ">
      <marc:subfield code="a">QK 010</marc:subfield>
      <marc:subfield code="0">(DE-625)141631:</marc:subfield>
      <marc:subfield code="2">rvk</marc:subfield>
    </marc:datafield>
    <marc:datafield tag="084" ind1=" " ind2=" ">
      <marc:subfield code="a">QK 400</marc:subfield>
      <marc:subfield code="0">(DE-625)141652:</marc:subfield>
      <marc:subfield code="2">rvk</marc:subfield>
    </marc:datafield>
    <marc:datafield tag="089" ind1="0" ind2="4">
      <marc:subfield code="a">332.66/0952</marc:subfield>
      <marc:subfield code="2">20</marc:subfield>
    </marc:datafield>
    <marc:datafield tag="100" ind1="1" ind2=" ">
      <marc:subfield code="a">Arora, Dayanand</marc:subfield>
      <marc:subfield code="d">1958-</marc:subfield>
      <marc:subfield code="0">(DE-588)170961591</marc:subfield>
    </marc:datafield>
    <marc:datafield tag="245" ind1="1" ind2="0">
      <marc:subfield code="a">Investment banking in Japan :</marc:subfield>
      <marc:subfield code="b">retrospect and prospects /</marc:subfield>
      <marc:subfield code="c">Dayanand Arora.</marc:subfield>
    </marc:datafield>
    <marc:datafield tag="264" ind1=" " ind2="1">
      <marc:subfield code="a">Frankfurt am Main u.a. :</marc:subfield>
      <marc:subfield code="b">Lang,</marc:subfield>
      <marc:subfield code="c">1991.</marc:subfield>
    </marc:datafield>
    <marc:datafield tag="300" ind1=" " ind2=" ">
      <marc:subfield code="a">XVII, 169 S. : graph. Darst.</marc:subfield>
    </marc:datafield>
    <marc:datafield tag="336" ind1=" " ind2=" ">
      <marc:subfield code="b">txt</marc:subfield>
      <marc:subfield code="2">rdacontent</marc:subfield>
    </marc:datafield>
    <marc:datafield tag="337" ind1=" " ind2=" ">
      <marc:subfield code="b">n</marc:subfield>
      <marc:subfield code="2">rdamedia</marc:subfield>
    </marc:datafield>
    <marc:datafield tag="338" ind1=" " ind2=" ">
      <marc:subfield code="b">nc</marc:subfield>
      <marc:subfield code="2">rdacarrier</marc:subfield>
    </marc:datafield>
    <marc:datafield tag="490" ind1="1" ind2=" ">
      <marc:subfield code="a">Europäische Hochschulschriften / 05</marc:subfield>
      <marc:subfield code="v">1141</marc:subfield>
    </marc:datafield>
    <marc:datafield tag="500" ind1=" " ind2=" ">
      <marc:subfield code="a">Teilw. zugl.: Dehli &lt;India&gt;, Univ., Diss.</marc:subfield>
    </marc:datafield>
    <marc:datafield tag="650" ind1=" " ind2="7">
      <marc:subfield code="a">Financiële instellingen</marc:subfield>
      <marc:subfield code="2">gtt</marc:subfield>
    </marc:datafield>
    <marc:datafield tag="650" ind1=" " ind2="0">
      <marc:subfield code="a">Investment banking</marc:subfield>
      <marc:subfield code="z">Japan</marc:subfield>
    </marc:datafield>
    <marc:datafield tag="650" ind1=" " ind2="7">
      <marc:subfield code="a">Kapitalanlage</marc:subfield>
      <marc:subfield code="0">(DE-588)4073213-7</marc:subfield>
      <marc:subfield code="2">gnd</marc:subfield>
      <marc:subfield code="9">rswk-swf</marc:subfield>
    </marc:datafield>
    <marc:datafield tag="650" ind1=" " ind2="7">
      <marc:subfield code="a">Investment Banking</marc:subfield>
      <marc:subfield code="0">(DE-588)4200159-6</marc:subfield>
      <marc:subfield code="2">gnd</marc:subfield>
      <marc:subfield code="9">rswk-swf</marc:subfield>
    </marc:datafield>
    <marc:datafield tag="650" ind1=" " ind2="7">
      <marc:subfield code="a">Effektenbank</marc:subfield>
      <marc:subfield code="0">(DE-588)4151062-8</marc:subfield>
      <marc:subfield code="2">gnd</marc:subfield>
      <marc:subfield code="9">rswk-swf</marc:subfield>
    </marc:datafield>
    <marc:datafield tag="651" ind1=" " ind2="7">
      <marc:subfield code="a">Japan</marc:subfield>
      <marc:subfield code="0">(DE-588)4028495-5</marc:subfield>
      <marc:subfield code="2">gnd</marc:subfield>
      <marc:subfield code="9">rswk-swf</marc:subfield>
    </marc:datafield>
    <marc:datafield tag="655" ind1=" " ind2="7">
      <marc:subfield code="a">Hochschulschrift</marc:subfield>
      <marc:subfield code="0">(DE-588)4113937-9</marc:subfield>
      <marc:subfield code="2">gnd-content</marc:subfield>
    </marc:datafield>
    <marc:datafield tag="689" ind1="0" ind2="0">
      <marc:subfield code="g">Japan</marc:subfield>
      <marc:subfield code="0">(DE-588)4028495-5</marc:subfield>
      <marc:subfield code="2">gnd</marc:subfield>
    </marc:datafield>
    <marc:datafield tag="689" ind1="0" ind2="1">
      <marc:subfield code="s">Kapitalanlage</marc:subfield>
      <marc:subfield code="0">(DE-588)4073213-7</marc:subfield>
      <marc:subfield code="2">gnd</marc:subfield>
    </marc:datafield>
    <marc:datafield tag="689" ind1="1" ind2="0">
      <marc:subfield code="g">Japan</marc:subfield>
      <marc:subfield code="0">(DE-588)4028495-5</marc:subfield>
      <marc:subfield code="2">gnd</marc:subfield>
    </marc:datafield>
    <marc:datafield tag="689" ind1="1" ind2="1">
      <marc:subfield code="s">Investment Banking</marc:subfield>
      <marc:subfield code="0">(DE-588)4200159-6</marc:subfield>
      <marc:subfield code="2">gnd</marc:subfield>
    </marc:datafield>
    <marc:datafield tag="689" ind1="2" ind2="0">
      <marc:subfield code="g">Japan</marc:subfield>
      <marc:subfield code="0">(DE-588)4028495-5</marc:subfield>
      <marc:subfield code="2">gnd</marc:subfield>
    </marc:datafield>
    <marc:datafield tag="689" ind1="2" ind2="1">
      <marc:subfield code="s">Effektenbank</marc:subfield>
      <marc:subfield code="0">(DE-588)4151062-8</marc:subfield>
      <marc:subfield code="2">gnd</marc:subfield>
    </marc:datafield>
    <marc:datafield tag="830" ind1=" " ind2="0">
      <marc:subfield code="a">Europäische Hochschulschriften / 05</marc:subfield>
      <marc:subfield code="w">BV000001798</marc:subfield>
      <marc:subfield code="v">1141</marc:subfield>
      <marc:subfield code="9">1141</marc:subfield>
    </marc:datafield>
    <marc:datafield tag="856" ind1="4" ind2=" ">
      <marc:subfield code="u">http://bvbr.bib-bvb.de:8991/F?func=service&amp;doc_library=BVB01&amp;local_base=BVB01&amp;doc_number=002622769&amp;sequence=000002&amp;line_number=0001&amp;func_code=DB_RECORDS&amp;service_type=MEDIA</marc:subfield>
    </marc:datafield>
    <marc:datafield tag="942" ind1=" " ind2=" ">
      <marc:subfield code="a">05</marc:subfield>
    </marc:datafield>
    <marc:datafield tag="969" ind1=" " ind2=" ">
      <marc:subfield code="a">BV004210830</marc:subfield>
      <marc:subfield code="9">990006534790302884</marc:subfield>
    </marc:datafield>
    <marc:datafield tag="950" ind1=" " ind2=" ">
      <marc:subfield code="s">false</marc:subfield>
    </marc:datafield>
    <marc:datafield tag="852" ind1="8" ind2=" ">
      <marc:subfield code="b">WIWI</marc:subfield>
      <marc:subfield code="c">FREIW</marc:subfield>
      <marc:subfield code="h">BSE 137</marc:subfield>
      <marc:subfield code="8">22543394330002884</marc:subfield>
    </marc:datafield>
    <marc:datafield tag="AVA" ind1=" " ind2=" ">
      <marc:subfield code="8">23543394300002884</marc:subfield>
      <marc:subfield code="e">1</marc:subfield>
      <marc:subfield code="r">10</marc:subfield>
      <marc:subfield code="c">FREIW</marc:subfield>
      <marc:subfield code="d">BSE 137</marc:subfield>
      <marc:subfield code="s">94.3258</marc:subfield>
      <marc:subfield code="b">WIWI</marc:subfield>
    </marc:datafield>
    <marc:datafield tag="969" ind1=" " ind2=" ">
      <marc:subfield code="c">BV000001798</marc:subfield>
      <marc:subfield code="8">990000000280302884</marc:subfield>
    </marc:datafield>
    <marc:datafield tag="TYP" ind1=" " ind2=" ">
      <marc:subfield code="8">990000000280302884</marc:subfield>
      <marc:subfield code="a">Contains</marc:subfield>
    </marc:datafield>
    <marc:datafield tag="999" ind1=" " ind2=" ">
      <marc:subfield code="a">oai:alma.49KOBV_TUBUDK:990006534790302884</marc:subfield>
    </marc:datafield>
    <marc:datafield tag="049" ind1=" " ind2=" ">
      <marc:subfield code="a">DE-83;BV004210830</marc:subfield>
    </marc:datafield>
    <marc:datafield tag="856" ind1="4" ind2="2">
      <marc:subfield code="u">http://www.gbv.de/dms/hbz/toc/ht003759055.pdf</marc:subfield>
      <marc:subfield code="m">V:DE-605</marc:subfield>
      <marc:subfield code="q">pdf/application</marc:subfield>
      <marc:subfield code="v">2008-11-15</marc:subfield>
      <marc:subfield code="x">Verlag</marc:subfield>
      <marc:subfield code="y">Inhaltsverzeichnis</marc:subfield>
      <marc:subfield code="3">Inhaltsverzeichnis</marc:subfield>
      <marc:subfield code="7">1</marc:subfield>
    </marc:datafield>
    <marc:datafield tag="092" ind1=" " ind2=" ">
      <marc:subfield code="x">gbv_271759984</marc:subfield>
    </marc:datafield>
    <marc:datafield tag="049" ind1=" " ind2=" ">
      <marc:subfield code="a">DE-1;271759984</marc:subfield>
    </marc:datafield>
    <marc:datafield tag="924" ind1=" " ind2=" ">
      <marc:subfield code="a">BV004210830</marc:subfield>
      <marc:subfield code="b">DE-83</marc:subfield>
      <marc:subfield code="c">KOBV</marc:subfield>
      <marc:subfield code="d">c</marc:subfield>
      <marc:subfield code="c">KOBV</marc:subfield>
    </marc:datafield>
    <marc:datafield tag="924" ind1=" " ind2=" ">
      <marc:subfield code="a">271759984</marc:subfield>
      <marc:subfield code="b">DE-1</marc:subfield>
      <marc:subfield code="c">KOBV</marc:subfield>
      <marc:subfield code="d">c</marc:subfield>
      <marc:subfield code="c">KOBV</marc:subfield>
    </marc:datafield>
  </marc:record>
</marc:collection>
